Top 230 Vornamen im Mittelalter - Statistiken

Allgemein
  • Dieses Quiz wurde 37 mal gespielt
  • Das Durchschnittsergebnis liegt bei 35 aus 230
Antwortstatistiken
📍 Vorname % Korrekt
Ad.m ♂️ Adam
88%
Ag.t.a ♀️ Agatha
68%
Ad..h..d | A.h..t ♀️ Adelhaid | Alheyt
65%
A.n | An.a | An.e ♀️ Ann | Anna | Anne
65%
J.h..n ♂️ Johann
59%
J.c.b ♂️ Jacob
56%
Jö.g ♂️ Jörg
53%
J.h.n..s ♂️ Johannes
50%
Ka.l | K.r.l ♂️ Karl | Karel
47%
F..d.r..h | F.i.d.i.h | F.i.l..n ♂️ Friderich | Friedrich | Fridlein
44%
W..h..m ♂️ Wilhelm
44%
L..w.g ♂️ Ludwig
41%
M.x ♂️ Max
41%
W.l.g..g | W.l.f ♂️ Wolfgang | Wolff
41%
E.a ♀️ Eva
38%
F.l.x ♂️ Felix
38%
G.o.g | G..r.g ♂️ Georg | Georig
38%
H..s | H.n.m.n | H.n.z ♂️ Hans | Hansman | Hantz
38%
L.r.n.z ♂️ Lorentz
38%
P.t.r | Pe.t ♂️ Peter | Pett
38%
W..t..r ♂️ Walther
38%
Z.c..r..s | Z.c..r.s ♂️ Zacharias | Zacharas
38%
Al..a.d.r ♂️ Alexander
35%
El.s.b..h ♀️ Elisabeth
35%
F.i.z | F..x ♂️ Fritz | Frix
35%
M..t.n ♂️ Martin
35%
M..t.n ♂️ Merten | Marten
35%
T..m.s ♂️ Thomas
35%
U.s.l | U.s..a ♀️ Ursel | Ursula
35%
V.l...t.n ♂️ Vallentin
35%
D..t..r ♂️ Diether
32%
E.s ♀️ Els
32%
H.i.z ♂️ Heinz
32%
H..m.n ♂️ Herman | Hermon | Hermen
32%
J.r.m..s ♂️ Jeremias
32%
L.c.s ♂️ Lucas
32%
R.d..f ♂️ Rudolf
32%
S.m.n ♂️ Simon
32%
B..b..a ♀️ Barbara
29%
B..b.l ♀️ Barbel
29%
B.r.h..d | P.r.h.r.t ♂️ Bernhard | Pernhardt
29%
D..t.i.h ♂️ Dietrich
29%
E.h.r.t ♂️ Erhardt
29%
F.a..z ♂️ Frantz
29%
H.g ♂️ Hug
29%
J..g.n ♂️ Jorgen
29%
K.t..r..a | K.t..r.n ♀️ Katherina | Katharina | Katherin
29%
K.t.r.n | K.t.r..a ♀️ Kathrin | Kathrina
29%
M.t.i.s ♂️ Mathias
29%
O.w..d ♂️ Oswald
29%
A.n.s ♀️ Agnes
26%
A.b..c.t ♂️ Albrecht
26%
C.a.a ♀️ Clara
26%
El.a ♀️ Ella
26%
F.a.k ♂️ Frank
26%
H.n..s ♂️ Hannes
26%
H.i.r..h ♂️ Heinrich
26%
Ot..n | Ot..l | O.t ♂️ Ottin | Ottel | Ott
26%
P..l.s | Pa.l | P.u.e ♂️ Paulus | Paul | Paule
26%
P..l..p | P..l..s ♂️ Phillip | Philips
26%
S..f..n ♂️ Steffan | Steffen
26%
U.r..h ♂️ Ulrich | Urrich
26%
Ve.t | V.t ♂️ Veit | Vit
26%
B..g.t.a | B..g..a ♀️ Brigitta | Brigida
24%
D.r.t..a ♀️ Dorothea
24%
Eb..h..t | Eb.r.e ♂️ Eberhart | Eberle
24%
G.b..l ♂️ Gabriel
24%
K.i.t ♂️ Krist
24%
K.n.u..t | K.n.u.d | K.n.g..d ♀️ Kungundt | Kungund | Kunigund
24%
M..t.a ♀️ Martha
24%
S.b..t..n | S.w..t..n ♂️ Sebastian | Sebastion | Sewastian
24%
U.b.n ♂️ Urban
24%
Wi.l | W.l..n ♂️ Will | Willin
24%
B..t..s.r | B.l.s.r ♂️ Balthasar | Baltsar
21%
B.n.d..t ♂️ Benedict
21%
C..r.d | C..r.t | C..r.d.s ♂️ Conrad | Cunrat | Cunradus
21%
C.i..a | K.i.t.n ♀️ Crista | Kristan
21%
C.i.t..f ♂️ Cristoff
21%
E..b..h ♀️ Elsbeth
21%
K..r.a.t ♂️ Kunrhadt
21%
L..r.n.z ♂️ Laurencz
21%
M..g..t | M..g.r.t | M..g..d ♀️ Margret | Margaret | Margred | Marget
21%
M.r..z ♂️ Moritz
21%
P.w.l ♂️ Pawll
21%
Ba.t | B..t..l ♂️ Bart | Barthel
18%
C..p.r | K..p.r ♂️ Caspar | Kasper
18%
Lu.z | L.x ♂️ Lucz | Lux
18%
M.c..l ♂️ Michel | Mickel
18%
N.c..l | N.c.l.s | N.c.a.s ♂️ Nickel | Nicklas | Niclaus
18%
Ä.l.n ♀️ Ällin
15%
A.t..i | A.t.n..s ♂️ Antoni | Antonius | Anthenius
15%
C.a.s | C.e..l.n ♂️ Claus | Cleuslin
15%
D.r.t..e ♀️ Dorothee | Darathee
15%
El.e ♀️ Elße | Else
15%
M..d.l.n | M..d.l..a ♀️ Magdalen | Madalena | Magdalena
15%
M.c..h..t ♀️ Mechthilt
15%
Ul..n | Ul.i | Ul.e ♂️ Ullin | Ulli | Ulle
15%
U.z ♂️ Utz
15%
W.r.h.r | W.r.l.n ♂️ Wernher | Wernlin
15%
A.d..s ♂️ Andres
12%
B..t..l.m..s | B..t..l..e ♂️ Bartholomeus | Bartholome
12%
Cl.ß | Kl.s ♂️ Claß | Klos
12%
Ew..t ♂️ Ewalt
12%
F..d.l ♂️ Fridel
12%
H.i.i ♂️ Haini
12%
H.l..a ♀️ Helena
12%
H..s..m.n | H.n.l..n | H.n.s.l ♂️ Henselman | Henslein | Hennsel
12%
I.m.l | E.m.l | I.m | Ir.a ♀️ Irmel | Ermel | Irm | Irma
12%
J.c.l.n | J..k ♂️ Jecklin | Jeck
12%
L.n.z ♂️ Lentz
12%
Ma.x ♂️ Marx
12%
N.s | N..l.n ♀️ Nes | Neslin
12%
S.f.i.t | S..f.i.t ♂️ Sifridt | Seyfridt
12%
W..b..g ♀️ Walburg
12%
A.f.a ♀️ Affra
9%
A.g..t.n ♂️ Augustin
9%
C.c.l.a | C.c.l.e ♀️ Cecilia | Cecilie
9%
C.i.t.n | K.i.t.n ♀️ Cristin | Kristen
9%
E..h..t | E..a.t ♂️ Eckhart | Eckart
9%
El.n ♀️ Elen
9%
F.a.c..c.s ♂️ Franciscus
9%
G..a | G.r.s ♀️ Gera | Geras
9%
G..d..d ♀️ Gerdrud
9%
G..t | G.e.l.n ♀️ Gret | Gretlin
9%
G..m.n | G.t ♂️ Gutman | Gut
9%
Jo.t ♂️ Jost
9%
M..g.r.t.a | M..g.e.a | M..g.r.t..a ♀️ Margaretha | Margreta | Margarethea
9%
M..t..h ♀️ Martsch
9%
M.t..s ♂️ Mathes | Mathis
9%
Ot.l.a | Ot.l..n | Ot..y ♀️ Otilia | Otilien | Otily
9%
P..t..t ♂️ Pertolt
9%
R.p.e..t ♂️ Ruprecht
9%
S.h..t.e.ß | S..u.t..n ♂️ Schultheiß | Schulthen
9%
S..m..d ♂️ Sigmund
9%
Be.h ♀️ Beth
6%
C.i.t..a ♀️ Cristina
6%
E.g.l | E.g..n | E..g.l.n ♀️ Engel | Englin | Enngelin
6%
E.g..h..t ♂️ Engelhart
6%
H.m.n ♂️ Haman
6%
H.r.m.n ♂️ Hartman
6%
J.b.t ♂️ Jobst
6%
J.l.a.a ♀️ Juliana
6%
L.o.h..t ♂️ Leonhart
6%
M.d..n ♀️ Madlen
6%
M..c.i.r | M..c..r ♂️ Melchior | Melchor
6%
Ny.ß ♀️ Nyeß
6%
R.i.h..t ♂️ Reinhart
6%
S.m.n ♂️ Siman
6%
S..f..l ♂️ Stoffel
6%
T.m.n | T.o.o ♂️ Toman | Tomen | Thomo
6%
W..d.l ♂️ Wendel
6%
Al.a ♂️ Alba
3%
Ap.l.n.a ♀️ Applonia
3%
C..l.n ♂️ Conlin
3%
Er..m.s ♂️ Erasmus
3%
F..n.c.a ♀️ Fronicka
3%
G..l.n ♀️ Gerlin
3%
J.n..a ♀️ Jonata
3%
K.t..r..n ♀️ Kätherlin
3%
K.l..n ♂️ Kilian | Kylion
3%
K.n.z | C..z ♂️ Kuntz | Conz
3%
M.t.e.s ♂️ Mathews
3%
S..d.r ♂️ Sander
3%
S.i.z | S.y.z ♂️ Seitz | Seytz
3%
U.s.h.l ♂️ Urschel
3%
W.r.h..t ♂️ Wernhart
3%
A..h | Ä.t..n ♀️ Agth | Ägtlin
0%
A..a.t | A.h..t | A.l.t ♀️ Alladt | Alheit | Allet
0%
Ä..l.n | Ä.d..n ♀️ Ännlin | Ändlin
0%
Ap..l ♀️ Apell
0%
A.b..l.n | A..b.r ♂️ Auberlin | Aulber
0%
B..l.n ♂️ Benlin
0%
B.n.z ♂️ Bentz
0%
B..b.r.n ♀️ Berberin
0%
B.r..t..d | B.c.t..t | B..t..l.t ♂️ Berchtold | Bechtolt | Bertholdt
0%
B..l..n ♂️ Berlein
0%
B.s.l.n ♂️ Bestlin
0%
B..t..n ♀️ Bettlin
0%
B.e.y ♂️ Blesy
0%
B..i.e ♀️ Breide
0%
B..d | B.i.l.n | B.i.a ♀️ Brid | Bridlin | Brida
0%
B..c.h..t ♂️ Burckhart
0%
B.r.l.n | B..k ♂️ Burklin | Burk
0%
C..w.n ♂️ Clewin
0%
C.a.t ♂️ Craft
0%
C.i.t.e ♂️ Cristle
0%
C.i..m.n ♂️ Cristman
0%
D.e.z ♂️ Dietz
0%
D.r..l ♀️ Dorell
0%
D..l..n ♀️ Dorlein
0%
D.r.t.a | D.r.t..a ♀️ Duretta | Durettea
0%
Ek.r..s | E.k.r..s ♂️ Ekarius | Eukarius
0%
E..s..n ♀️ Elsslin
0%
E..l..n ♀️ Endlein
0%
E.d..s ♂️ Endres | Enders | Enndris
0%
E..d..n | E.l..n ♀️ Enndlin | Enlein
0%
G.l..s ♂️ Gallus
0%
G.n..e ♀️ Genefe
0%
G..r..n ♂️ Georien
0%
G..h..s ♀️ Gerhaus
0%
G..m.n ♂️ German
0%
Gi.g ♂️ Gilg
0%
H..r..h ♂️ Henrich
0%
H..s.n ♂️ Hensin
0%
H..n | H..l.n ♂️ Honn | Honlin
0%
J.r.s ♀️ Jeras
0%
J.r.n.m.s ♂️ Jeronimus
0%
K.t..r.n ♀️ Katteran
0%
Ke.h ♀️ Keth
0%
K..l.n ♀️ Ketlin
0%
K..t.e.l..n ♀️ Kettherlein
0%
L..h..t | L.n.h..t | L..l..n ♂️ Linhart | Lennhart | Linlein
0%
M.d.s ♂️ Mades
0%
M..l..n ♀️ Marlein
0%
M..t..s ♂️ Marthes
0%
M..r.c..s ♂️ Mauricius
0%
M..c..l ♂️ Merckel
0%
M..g..n | M..g.l.n | M..k..n ♀️ Merglin | Mergelin | Merklin
0%
M.t.e ♀️ Metze
0%
N.p..c.t ♀️ Nopricht
0%
N.p..g ♀️ Nopurg
0%
P.s..t ♂️ Pesolt
0%
P.t..n.l.a | P.t..n.l ♀️ Peternella | Petternel
0%
R..s.n | R.u.s | R..s..n ♀️ Reusin | Reuss | Reussen
0%
S.b..t.a..s ♂️ Sebestianus
0%
S.b..t | S.w..t ♂️ Sebolt | Sebalt | Sebatt | Sewolt
0%
Si.t ♂️ Sixt
0%
V..c..l | W..c..l ♂️ Volckel | Wolckel
0%
W..t..l ♂️ Wentzel
0%
W..b..t ♂️ Wilbalt | Wilbolt
0%
Keine übereinstimmenden Quizze gefunden
Verteilung der Resultate
Anzahl Personen mit jedem Resultat
Perzentil nach korrekt beantworteten Fragen
Ihre Resultats-Entwicklung
Sie haben dieses Quiz noch nicht gespielt